Educación moral y valores (Record no. 66660)

MARC details
000 -CABECERA
campo de control de longitud fija 00540nam a2200205 a 4500
005 - FECHA Y HORA DE LA ÚLTIMA TRANSACCIÓN
campo de control 20210219153032.0
008 - ELEMENTOS DE LONGITUD FIJA--INFORMACIÓN GENERAL
campo de control de longitud fija 991125n 000 0 spa u
035 ## - NÚMERO DE CONTROL DEL SISTEMA
Número de control de sistema UPN01000073941
100 ## - ASIENTO PRINCIPAL--NOMBRE PERSONAL
Nombre de persona QUITANA CABAÑAS, Jose Maria
222 ## - TÍTULO CLAVE
Título clave REVISTA DE CIENCIAS DE LA EDUCACION
245 ## - MENCIÓN DE TÍTULO
Título Educación moral y valores
300 ## - DESCRIPCIÓN FÍSICA
Extensión 281-292
362 ## - FECHAS DE PUBLICACIÓN Y/O DESIGNACIÓN SECUENCIAL
Fecha de publicación y/o designación secuencial 1996 No. 166, abril.-jun.
653 0# - TERMINO DE INDIZACION - NO CONTROLADO
Término no controlado AXIOLOGIA EDUCATIVA
653 0# - TERMINO DE INDIZACION - NO CONTROLADO
Término no controlado EDUCACION MORAL
653 0# - TERMINO DE INDIZACION - NO CONTROLADO
Término no controlado ETICA
653 0# - TERMINO DE INDIZACION - NO CONTROLADO
Término no controlado VALORES
904 ## - ELEMENTOS DE DATOS D LOCAL, LDD (RLIN)
a AC
b 011752
905 ## - TIPO DE MATERIAL
Tipo de material Articulo

No items available.